[Event "4th London Classic Open"]
[Site "London ENG"]
[Date "2012.12.04"]
[Round "4"]
[White "Casiot,D"]
[Black "Sonnis,Steve"]
[Result "1-0"]
[WhiteElo "1991"]
[BlackElo "1660"]
[WhiteFideId "405973"]
[BlackFideId "423041"]
[EventDate "2012.12.01"]

1. e4 e6 2. d4 d5 3. Nc3 dxe4 4. Nxe4 Nd7 5. Nf3 Ngf6 6. Bd3 Nxe4 7. Bxe4 Nf6 8.
Bd3 Bd6 9. O-O h6 10. Re1 c6 11. c3 Qc7 12. Bd2 Ng4 13. h3 Bh2+ 14. Kf1 Nxf2 15.
Kxf2 Bg3+ 16. Kg1 Bxe1 17. Qxe1 Qb6 18. b3 Bd7 19. Qg3 g5 20. Ne5 Rf8 21. Rf1 f5
22. Nc4 Qd8 23. Be2 f4 24. Bh5+ Ke7 25. Qd3 Be8 26. Bf3 b5 27. Ne5 Rc8 28. Qh7+
Bf7 29. Qxh6 Kd6 30. Qg7 Rc7 31. Nxf7+ Rcxf7 32. Qe5+ Kd7 33. Re1 Qf6 34. Qc5
Rc8 35. Qxa7+ Rc7 36. Qc5 Re7 37. Re5 Qg6 38. Re4 Rh7 39. Qe5 Rc8 40. c4 Ra8 41.
Bb4 Rxa2 42. Qd6+ 1-0

[Event "4th London Classic Open"]
[Site "London ENG"]
[Date "2012.12.04"]
[Round "4"]
[White "Shierlaw,Hamish"]
[Black "Tart,P"]
[Result "1/2-1/2"]
[WhiteElo "1582"]
[BlackElo "1989"]
[WhiteFideId "4301765"]
[BlackFideId "471070"]
[EventDate "2012.12.01"]

1. e4 e5 2. Nf3 d5 3. exd5 Bd6 4. d4 e4 5. Ne5 Nf6 6. c4 Qe7 7. Nc3 Bxe5 8. dxe5
Qxe5 9. Be2 O-O 10. Be3 Bf5 11. Qd4 Nbd7 12. Qxe5 Nxe5 13. Bd4 Rfe8 14. O-O a6
15. Rfe1 Rad8 16. Rad1 Nfd7 17. b3 Bg6 18. Kf1 f5 19. g3 Rf8 20. Be3 h6 21. Na4
Rf7 22. Kg2 Bh7 23. h4 g6 24. Bxh6 Re8 25. Bf4 Kg7 26. Nc3 1/2-1/2

[Event "4th London Classic Open"]
[Site "London ENG"]
[Date "2012.12.04"]
[Round "4"]
[White "Moan,Francis E"]
[Black "Josse,Mar"]
[Result "0-1"]
[WhiteElo "1853"]
[BlackElo "2142"]
[WhiteFideId "424420"]
[BlackFideId "414476"]
[EventDate "2012.12.01"]

1. d4 Nf6 2. Nf3 g6 3. Bf4 Bg7 4. e3 O-O 5. Be2 c5 6. c3 d5 7. Nbd2 Nbd7 8. h3
b6 9. O-O Bb7 10. Ne5 Ne8 11. Ndf3 f6 12. Ng4 e6 13. Bd3 f5 14. Nge5 c4 15. Bc2
Ndf6 16. Nd2 Nd6 17. f3 Nh5 18. g4 Nxf4 19. exf4 Qh4 20. Kg2 Bh6 21. g5 Bg7 22.
Qe1 Qxf4 23. h4 Rfe8 24. b3 Bxe5 25. dxe5 Nf7 26. bxc4 dxc4 27. Ba4 Red8 28. Rd1
Rd3 0-1

[Event "4th London Classic Open"]
[Site "London ENG"]
[Date "2012.12.04"]
[Round "4"]
[White "Steevensz,K"]
[Black "Rusek,W"]
[Result "1-0"]
[WhiteElo "2096"]
[BlackElo "1831"]
[WhiteFideId "1009036"]
[BlackFideId "1612700"]
[EventDate "2012.12.01"]

1. d4 d5 2. c4 c6 3. Nf3 Nf6 4. e3 Bf5 5. Qb3 Qb6 6. Be2 Qxb3 7. axb3 Bxb1 8.
Rxb1 e6 9. O-O Bd6 10. c5 Bc7 11. b4 a6 12. Ra1 O-O 13. b5 cxb5 14. Bxb5 Nc6 15.
Bd3 Ba5 16. Ne5 Bb4 17. Nxc6 bxc6 18. Rxa6 Rxa6 19. Bxa6 Rb8 20. f3 Kf8 21. e4
h6 22. h4 Ne8 23. Rd1 Ke7 24. Kf2 Kd7 25. Bd3 Ra8 26. Ke2 Nc7 27. h5 Ra2 28. Bb1
Ra1 29. Bc2 Nb5 30. Bb3 Rb1 31. Kd3 Nc3 32. Bc2 Nxd1 33. Bxb1 Nf2+ 34. Ke2 Nh1
35. f4 g5 36. Kf1 gxf4 37. Bxf4 1-0

[Event "4th London Classic Open"]
[Site "London ENG"]
[Date "2012.12.04"]
[Round "4"]
[White "Baasansuren,Erdene"]
[Black "Dydak,Mateusz"]
[Result "1-0"]
[WhiteElo "1795"]
[BlackElo "1992"]
[WhiteFideId "4902084"]
[BlackFideId "2612305"]
[EventDate "2012.12.01"]

1. d4 f5 2. g3 Nf6 3. Bg2 c6 4. c4 d5 5. Nc3 e6 6. f4 Be7 7. Nf3 O-O 8. O-O Bd7
9. e3 Be8 10. Ne5 Nbd7 11. Qc2 Nxe5 12. fxe5 Ng4 13. h3 Nh6 14. Bd2 Bg6 15. Qb3
Rb8 16. Ne2 Qd7 17. Rac1 Nf7 18. Nf4 Nd8 19. Bb4 Bf7 20. Qa3 Bxb4 21. Qxb4 g5
22. Nd3 b6 23. b3 Bg6 24. Qd2 h6 25. Rf2 Qh7 26. Rcf1 Rf7 27. Nb2 Qg7 28. Rc1
Rd7 29. Qc3 Rbb7 30. b4 Nf7 31. b5 Rdc7 32. Qd2 cxb5 33. cxd5 exd5 34. Bxd5
Rxc1+ 35. Qxc1 Re7 36. Kh2 Kh7 37. Qf1 Nxe5 38. dxe5 Qxe5 39. Bb3 Qxe3 40. Bc2
Qe5 41. Nd3 Qe6 42. Nc1 Qe1 43. Bxf5 Qxf1 44. Bxg6+ Kxg6 45. Rxf1 Rc7 46. Kg2
Rc2+ 47. Kf3 Kf5 48. Ke3+ Ke6 49. Rh1 h5 50. Kd3 Rb2 51. Re1+ Kd5 52. Re2 Rb1
53. Kc2 Rb4 54. Nd3 Rc4+ 55. Kd2 Rd4 56. Re8 Ra4 57. Ke3 Rxa2 58. Nb4+ 1-0

[Event "4th London Classic Open"]
[Site "London ENG"]
[Date "2012.12.04"]
[Round "4"]
[White "Rogers,Tim L"]
[Black "Chilton,James I"]
[Result "1-0"]
[WhiteElo "1979"]
[BlackElo "1779"]
[WhiteFideId "418137"]
[BlackFideId "423009"]
[EventDate "2012.12.01"]

1. e4 c5 2. Nf3 e6 3. c3 Nc6 4. d4 cxd4 5. cxd4 d5 6. e5 Bb4+ 7. Bd2 Qb6 8. Bxb4
Qxb4+ 9. Qd2 Nge7 10. a3 Qxd2+ 11. Nbxd2 f6 12. Bb5 O-O 13. Bxc6 bxc6 14. O-O h6
15. Rfe1 g5 16. exf6 Rxf6 17. Ne5 Bb7 18. g3 Rd8 19. Rac1 Rd6 20. Rc5 Rf8 21.
Rec1 Rc8 22. Nb3 Rc7 23. Na5 Ba8 24. b4 a6 25. Kf1 Kf8 26. Ke2 Ke8 27. Ke3 h5
28. h3 Kf8 29. Nf3 Nf5+ 30. Kd3 g4 31. hxg4 hxg4 32. Ne5 Nh6 33. Naxc6 Nf7 34.
Ng6+ Ke8 35. Nce5 Nxe5+ 36. Nxe5 Rg7 37. Rc7 Rxc7 38. Rxc7 a5 39. Rc8+ Rd8 40.
Rxd8+ Kxd8 41. bxa5 Bb7 42. Nxg4 Ke7 43. Ne5 Ba6+ 44. Kc3 Kd6 45. Kb4 Be2 46. g4
Ke7 47. Kc5 Kf6 48. f4 Bxg4 49. Nxg4+ Kf5 50. Ne5 1-0

[Event "4th London Classic Open"]
[Site "London ENG"]
[Date "2012.12.04"]
[Round "4"]
[White "Phillips,O"]
[Black "Gupta,Arul"]
[Result "1-0"]
[WhiteElo "1926"]
[BlackElo "1761"]
[WhiteFideId "417882"]
[BlackFideId "422622"]
[EventDate "2012.12.01"]

1. e4 e5 2. Nc3 Nf6 3. g3 Nc6 4. Bg2 Bc5 5. d3 d6 6. Na4 Bb6 7. Nxb6 axb6 8. Ne2
h6 9. O-O O-O 10. h3 Qe7 11. Be3 Ne8 12. g4 h5 13. f3 Be6 14. c4 g6 15. gxh5
gxh5 16. Bh6 Ng7 17. f4 f5 18. Ng3 fxe4 19. Nxh5 Nxh5 20. Qxh5 Rf5 21. Qg4+ Kh8
22. Bg5 Qg7 23. dxe4 Rxg5 24. Qh4+ Kg8 25. fxg5 Bxc4 26. Rf6 Rxa2 27. Rxa2 Bxa2
28. Bf3 Bf7 29. Bh5 Nd8 30. Bxf7+ Nxf7 31. g6 Nd8 32. Qg5 Qe7 33. g7 Nf7 34. Qg6 1-0

[Event "4th London Classic Open"]
[Site "London ENG"]
[Date "2012.12.04"]
[Round "4"]
[White "Clayton,T"]
[Black "Kouchak,J"]
[Result "0-1"]
[WhiteElo "1830"]
[BlackElo "1703"]
[WhiteFideId "416533"]
[BlackFideId "26011379"]
[EventDate "2012.12.01"]

1. e4 d5 2. exd5 Nf6 3. d4 Bg4 4. Be2 Bxe2 5. Nxe2 Qxd5 6. O-O Nc6 7. Nbc3 Qf5
8. Ng3 Qg6 9. Nb5 O-O-O 10. c3 a6 11. a4 axb5 12. axb5 Nb8 13. Ra8 e5 14. Qa4
exd4 15. b6 Nd7 16. bxc7 Kxc7 17. Bf4+ Bd6 18. Bxd6+ Qxd6 19. Nf5 Qc6 20. Qxd4
Qc5 21. Qf4+ Qe5 22. Qc4+ Nc6 23. Rxd8 Rxd8 24. Nd4 Nb6 25. Qxf7+ Rd7 26. Ne6+
Kc8 27. Qf8+ Nd8 28. Nc5 Rf7 29. Qg8 Qxc5 30. Rd1 Qxf2+ 0-1

[Event "4th London Classic Open"]
[Site "London ENG"]
[Date "2012.12.04"]
[Round "4"]
[White "Miu,M"]
[Black "Campbell,E"]
[Result "1-0"]
[WhiteElo "1631"]
[BlackElo "1819"]
[WhiteFideId "1220691"]
[BlackFideId "2400740"]
[EventDate "2012.12.01"]

1. b3 e5 2. Bb2 d6 3. e4 Nf6 4. Nc3 g6 5. h3 Bg7 6. Nge2 O-O 7. g4 h5 8. g5 Nh7
9. h4 f6 10. f4 fxg5 11. fxg5 Nxg5 12. hxg5 Qxg5 13. Nd5 Bg4 14. d3 Nc6 15. Qd2
Rxf1+ 16. Rxf1 Qh4+ 17. Kd1 Bh3 18. Rh1 Rf8 19. c3 g5 20. Qe3 g4 21. Qg3 Qxg3
22. Nxg3 Rf3 23. Nxh5 Bh6 24. Ke2 Bg5 25. Rag1 Bh4 26. Rxh3 Rxh3 27. Rxg4+ Kf8
28. Bc1 Rh2+ 29. Kf1 Rh1+ 30. Rg1 Rh2 31. Bh6+ Ke8 32. Nhf6+ Bxf6 33. Nxf6+ Kf7
34. Ng4 Rxa2 35. Rg2 Ra1+ 36. Ke2 Ra2+ 37. Bd2 Na5 38. b4 Nb3 39. Ke3 Rc2 40.
Nh2 Nxd2 41. Rxd2 Rxc3 42. Rb2 b6 43. Kd2 Ra3 44. Nf1 Ke6 45. Ne3 Ra1 46. Nd1 c6
47. Kc2 d5 48. Rb3 dxe4 49. dxe4 Kd6 50. Rd3+ Kc7 51. Kb2 Ra4 52. Kb3 Ra1 53.
Ne3 Rb1+ 54. Kc3 Re1 55. Kd2 Rb1 56. Rc3 Kb7 57. Nc2 a5 58. bxa5 bxa5 59. Na3
Rb4 60. Nc4 a4 61. Ke3 Rb3 62. Na5+ 1-0

[Event "4th London Classic Open"]
[Site "London ENG"]
[Date "2012.12.04"]
[Round "4"]
[White "Boy Lazoni,Victor Hugo"]
[Black "Lie,T"]
[Result "1-0"]
[WhiteElo "1806"]
[BlackElo "1595"]
[WhiteFideId "3822141"]
[BlackFideId "1504916"]
[EventDate "2012.12.01"]

1. e4 b6 2. d4 Bb7 3. Bd3 e6 4. Ne2 d5 5. e5 c5 6. c3 Bc6 7. O-O c4 8. Bc2 g6 9.
Nd2 Ne7 10. Nf3 Nf5 11. Ng3 Bg7 12. Bg5 Qd7 13. Qd2 h6 14. Nxf5 exf5 15. Be3 g5
16. Bxg5 hxg5 17. Qxg5 f6 18. exf6 Bh6 19. Rae1+ Kd8 20. Qg6 Qh7 21. Bxf5 Qxg6
22. Bxg6 Bf4 23. g3 Bd6 24. h4 Bd7 25. Ne5 Rf8 26. Nxd7 Kxd7 27. f7 Nc6 28. f4
Rh8 29. Kg2 Raf8 30. Kf3 Nd8 31. Re8 Nxf7 32. Rxf8 Rxf8 33. Bf5+ Kc6 34. Re1 Nd8
35. Kg4 Rg8+ 36. Kh3 Rg7 37. h5 Re7 38. Rxe7 Bxe7 39. g4 Nf7 40. Be6 Nh8 41. g5
Kd6 42. Bg8 Bf8 43. Kg4 a5 44. a4 Kc6 45. Kf5 Kd6 46. h6 Be7 47. g6 Bh4 48. g7
Ng6 49. Kxg6 Be1 50. h7 1-0

[Event "4th London Classic Open"]
[Site "London ENG"]
[Date "2012.12.04"]
[Round "4"]
[White "Spychala,Josefa"]
[Black "Kalerwa,Edwin M"]
[Result "0-1"]
[WhiteElo "1521"]
[BlackElo "1783"]
[WhiteFideId "1136208"]
[BlackFideId "422223"]
[EventDate "2012.12.01"]

1. d4 Nf6 2. c4 g6 3. Nc3 Bg7 4. Nf3 c5 5. e3 O-O 6. Bd3 Na6 7. a3 d6 8. h3 Bd7
9. O-O b6 10. Bd2 Re8 11. Re1 e5 12. dxe5 dxe5 13. e4 Bxh3 14. Nd5 Nxd5 15. cxd5
Bc8 16. Bb5 Rf8 17. Bc6 Rb8 18. Bc3 Bg4 19. Qd3 Bxf3 20. Qxf3 Nc7 21. Qg3 Qd6
22. Qg4 f5 23. exf5 Rxf5 24. Qe4 Rbf8 25. f3 Qf6 26. Bd7 Rf4 27. Qxe5 Qxe5 28.
Bxe5 Bxe5 29. Rxe5 Rd4 30. Be6+ Nxe6 31. dxe6 Re8 32. Kf2 Kg7 33. Ke3 Kf6 34.
Re4 Rxe6 35. Rxe6+ Kxe6 36. b4 Rd5 37. bxc5 Rxc5 38. a4 h5 39. g3 Ra5 40. Kf4
g5+ 0-1

[Event "4th London Classic Open"]
[Site "London ENG"]
[Date "2012.12.04"]
[Round "4"]
[White "Pattni,Kishan"]
[Black "Kazmierczak,Ewa"]
[Result "0-1"]
[WhiteElo "1747"]
[BlackElo "1487"]
[WhiteFideId "420751"]
[BlackFideId "1154877"]
[EventDate "2012.12.01"]

1. f4 d5 2. Nf3 g6 3. e3 Bg7 4. d4 Nf6 5. c4 c6 6. Nc3 Bf5 7. Bd3 Bxd3 8. Qxd3
e6 9. O-O O-O 10. b3 Nbd7 11. c5 Re8 12. Ne5 Qc7 13. Bd2 b6 14. cxb6 axb6 15.
Rac1 Qb7 16. Be1 Rec8 17. a4 Bf8 18. Bh4 Qa6 19. Qxa6 Rxa6 20. Bxf6 Nxf6 21. g4
c5 22. g5 Nh5 23. Nb5 Ng7 24. Rf3 Nf5 25. Rh3 Nd6 26. Nd7 Ne4 27. Nxf8 Rxf8 28.
Nc3 Nd2 29. dxc5 bxc5 30. e4 dxe4 31. Rc2 Rd8 32. Re3 Nxb3 33. Nxe4 Rb8 34. Rcc3
Nd4 35. Nxc5 Ra5 36. Re4 Nf5 37. Nd7 Rd8 38. Nf6+ Kg7 39. Rec4 Ne7 40. Kf2 Ra6
41. Kf3 Rad6 42. a5 Ng8 43. Ng4 Rd3+ 44. Rxd3 Rxd3+ 45. Kg2 Ra3 46. Rc5 Ne7 47.
Rc7 Nd5 48. Ra7 Nxf4+ 49. Kg1 Nh3+ 50. Kg2 Nxg5 51. Ne5 Kf6 52. Nc6 h5 53. Nd8
h4 54. a6 e5 55. Ra8 e4 56. Nc6 e3 57. Nd4 h3+ 58. Kg3 Ke5 59. Ne2 Ke4 60. a7
Ne6 61. Nc1 g5 62. Nb3 Kd3 63. Nc5+ Ke2 64. Nxe6 Kf1 65. Kg4 e2 66. Rf8 Rxa7 0-1

[Event "4th London Classic Open"]
[Site "London ENG"]
[Date "2012.12.05"]
[Round "5.2"]
[White "D'Costa,L"]
[Black "Van Kampen,R"]
[Result "1/2-1/2"]
[WhiteTitle "IM"]
[BlackTitle "GM"]
[WhiteElo "2417"]
[BlackElo "2570"]
[WhiteFideId "409219"]
[BlackFideId "1020854"]
[EventDate "2012.12.01"]

1. Nf3 g6 2. c4 Bg7 3. g3 e5 4. Nc3 Nc6 5. Bg2 Nf6 6. O-O O-O 7. d3 d6 8. Rb1
Nd4 9. Nd2 c6 10. b4 Bd7 11. Ba3 Rb8 12. e3 Nf5 13. Nde4 Be6 14. b5 c5 15. Nxf6+
Bxf6 16. Qa4 Ne7 17. Bb2 Nc8 18. Nd5 Bxd5 19. cxd5 Nb6 20. Qc2 Rc8 21. Bc3 c4
22. Rfc1 Qd7 23. Ba5 cxd3 24. Qxd3 Rxc1+ 25. Rxc1 Rc8 26. Rxc8+ Nxc8 27. Qc2 Bd8
28. Bb4 Qc7 29. Qxc7 Bxc7 30. a4 Nb6 31. Ba5 Kf8 32. Kf1 Ke7 33. Ke2 Kd8 34.
Bxb6 Bxb6 35. g4 Bc5 1/2-1/2

[Event "4th London Classic Open"]
[Site "London ENG"]
[Date "2012.12.05"]
[Round "5.3"]
[White "Hebden,M"]
[Black "Sarakauskas,G"]
[Result "1/2-1/2"]
[WhiteTitle "GM"]
[BlackTitle "IM"]
[WhiteElo "2547"]
[BlackElo "2408"]
[WhiteFideId "400084"]
[BlackFideId "12800724"]
[EventDate "2012.12.01"]

1. d4 Nf6 2. Nf3 d5 3. c4 c6 4. e3 Bf5 5. Nc3 e6 6. Nh4 Bg4 7. Qb3 Qb6 8. h3 Bh5
9. g4 Bg6 10. g5 Ng8 11. Nxg6 hxg6 12. e4 dxe4 13. Qxb6 axb6 14. Nxe4 Na6 15.
Be3 O-O-O 16. O-O-O Ne7 17. d5 exd5 18. Bxb6 Nc7 19. Nc3 d4 20. Ne2 Nf5 21. Nxd4
Nxd4 22. Bxd4 Ne6 23. Be3 Rxd1+ 24. Kxd1 Bc5 25. Bxc5 Nxc5 26. Bg2 Nd3 27. Kc2
Nf4 28. Bf3 Rh4 29. Bg4+ Kc7 30. Kd2 f5 31. gxf6 gxf6 32. Ke3 Nh5 33. f4 f5 34.
Bxh5 Rxh5 35. c5 Kd7 36. h4 Ke6 37. Kd4 Rh8 38. a4 Rd8+ 39. Kc3 Ra8 40. b3 Kd5
41. Kb4 Ke4 42. Rg1 Kxf4 43. Rxg6 Ke3 44. Re6+ Kd3 45. Rf6 Ke4 46. Rf7 f4 47.
Rxb7 f3 48. Rf7 Ke3 49. h5 f2 50. h6 Rh8 51. Ka5 Rxh6 52. b4 Rh1 53. b5 f1=Q 54.
Rxf1 Rxf1 55. bxc6 Rc1 56. c7 Rxc5+ 57. Kb6 Kd4 58. a5 Kd5 59. a6 Rc1 60. a7 Kd6
61. Kb5 Rb1+ 62. Kc4 Ra1 63. c8=N+ Kc6 64. Ne7+ Kb7 65. Nd5 Rxa7 66. Kc5 Ra5+
67. Kd6 Rb5 68. Ne7 Rb1 1/2-1/2

[Event "4th London Classic Open"]
[Site "London ENG"]
[Date "2012.12.05"]
[Round "5.7"]
[White "Gullaksen,E"]
[Black "Schneider,Dm"]
[Result "1/2-1/2"]
[WhiteTitle "IM"]
[BlackTitle "IM"]
[WhiteElo "2384"]
[BlackElo "2477"]
[WhiteFideId "1500945"]
[BlackFideId "2012545"]
[EventDate "2012.12.01"]

1. e4 e5 2. Nf3 Nc6 3. Nc3 Nf6 4. Bb5 Bd6 5. d3 h6 6. a3 Nd4 7. Bc4 c6 8. Be3
Nxf3+ 9. Qxf3 Bc7 10. h3 d6 11. O-O Be6 12. Bb3 d5 13. d4 Nxe4 14. Nxe4 dxe4 15.
Qxe4 f5 16. Qf3 Bxb3 17. cxb3 O-O 18. dxe5 Bxe5 19. Rad1 Qf6 20. Rd7 Rf7 21.
Rfd1 Bxb2 22. R1d6 Rxd7 23. Rxf6 Bxf6 24. Qxf5 Rf7 25. Qe6 Be7 26. a4 a5 27. Bb6
Bb4 28. h4 Rf8 29. Be3 Rd8 30. g3 Rd5 31. Kg2 Rf5 32. Bd4 Rd5 33. Be3 Bc5 34.
Bxc5 Rxc5 35. Qe8+ Rf8 36. Qe6+ Rf7 37. Qe8+ Rf8 38. Qe6+ Kh8 39. Qe7 Rcf5 40.
Qxb7 Rxf2+ 41. Kh3 R2f3 42. Qxc6 Rxb3 43. Kg2 Rb2+ 44. Kh3 Rbf2 45. Qb6 R2f5 46.
Qe6 h5 47. Qg6 R8f6 48. Qe8+ Kh7 49. Qe4 Kh6 50. Qe8 Rf7 51. Qe6+ g6 52. Qe3+
Kg7 53. Qd4+ R7f6 54. Kg2 g5 55. hxg5 Rxg5 56. Kh3 Kg6 57. Qe4+ Rff5 58. Qe6+
Kg7 59. Qe7+ Kh6 60. Qe6+ Kg7 61. Qe7+ Kg6 62. Qe6+ Kg7 1/2-1/2

[Event "4th London Classic Open"]
[Site "London ENG"]
[Date "2012.12.05"]
[Round "5.8"]
[White "Sadzikowski,D"]
[Black "Roberson,P"]
[Result "1/2-1/2"]
[WhiteTitle "IM"]
[BlackTitle "FM"]
[WhiteElo "2449"]
[BlackElo "2350"]
[WhiteFideId "1132253"]
[BlackFideId "412384"]
[EventDate "2012.12.01"]

1. d4 Nf6 2. c4 e6 3. Nc3 Bb4 4. Qc2 O-O 5. Nf3 c5 6. dxc5 Na6 7. c6 bxc6 8. Bg5
Nc5 9. a3 Bxc3+ 10. Qxc3 Nce4 11. Bxf6 Qxf6 12. Qxf6 Nxf6 13. e3 c5 14. b4 Bb7
15. Bd3 d5 16. Ke2 dxc4 17. Bxc4 cxb4 18. axb4 Rfc8 19. Rhc1 Rc7 20. Bd3 Rac8
21. Rxc7 Bxf3+ 22. Kxf3 Rxc7 23. g4 Kf8 24. g5 Nd5 25. b5 Ke7 26. h4 1/2-1/2

[Event "4th London Classic Open"]
[Site "London ENG"]
[Date "2012.12.05"]
[Round "5.10"]
[White "Rendle,T"]
[Black "Bartholomew,J"]
[Result "1/2-1/2"]
[WhiteTitle "IM"]
[BlackTitle "IM"]
[WhiteElo "2381"]
[BlackElo "2427"]
[WhiteFideId "408760"]
[BlackFideId "2019353"]
[EventDate "2012.12.01"]

1. e4 e5 2. Nf3 Nc6 3. Bc4 Bc5 4. c3 Nf6 5. d3 a6 6. Bb3 Ba7 7. O-O d6 8. Be3
O-O 9. Nbd2 Re8 10. Ng5 Re7 11. Bxa7 Rxa7 12. Qf3 h6 13. Nh3 Be6 14. Qg3 d5 15.
f4 dxe4 16. Bxe6 Rxe6 17. Nxe4 Nxe4 18. dxe4 Ra8 19. Rad1 Rd6 20. Rxd6 Qxd6 21.
f5 f6 22. Nf2 Rd8 23. Rd1 Qc5 24. Qf3 a5 25. g3 Kf8 26. Kg2 Ke7 27. Qg4 Kf8 28.
Qe2 Ke7 29. a3 Ke8 30. Qh5+ Ke7 31. Qg4 Kf8 32. Qe2 1/2-1/2

[Event "4th London Classic Open"]
[Site "London ENG"]
[Date "2012.12.05"]
[Round "5.12"]
[White "Rowson,J"]
[Black "Rudd,J"]
[Result "1-0"]
[WhiteTitle "GM"]
[BlackTitle "IM"]
[WhiteElo "2586"]
[BlackElo "2288"]
[WhiteFideId "2400561"]
[BlackFideId "405736"]
[EventDate "2012.12.01"]

1. d4 Nf6 2. c4 e6 3. Nc3 Bb4 4. e3 b6 5. Ne2 Bb7 6. a3 Be7 7. d5 O-O 8. Ng3 Re8
9. Be2 Bf8 10. O-O c5 11. e4 d6 12. f4 exd5 13. cxd5 Nbd7 14. b3 g6 15. Bb2 Bg7
16. Qc2 h5 17. Bf3 a6 18. a4 Ng4 19. Bxg4 hxg4 20. Rad1 Qh4 21. e5 dxe5 22. f5
Nf8 23. Nce4 Red8 24. fxg6 fxg6 25. Bc1 Nh7 26. d6 Kh8 27. Rf7 Bc6 28. a5 bxa5
29. Nxc5 Nf8 30. Rc7 Bb5 31. Qe4 Rac8 32. Re1 Qf6 33. Qxg4 Rb8 34. Nge4 Qf5 35.
Qh4+ Kg8 36. Rxg7+ Kxg7 37. Bh6+ 1-0

[Event "4th London Classic Open"]
[Site "London ENG"]
[Date "2012.12.05"]
[Round "5"]
[White "Gundavaa,B"]
[Black "Dukaczewski,P"]
[Result "1-0"]
[WhiteTitle "IM"]
[BlackTitle "IM"]
[WhiteElo "2530"]
[BlackElo "2274"]
[WhiteFideId "4901045"]
[BlackFideId "1103520"]
[EventDate "2012.12.01"]

1. e4 c5 2. Nf3 Nc6 3. g3 g6 4. Bg2 Bg7 5. O-O d6 6. c3 e5 7. Na3 Nge7 8. Nc2
Bg4 9. Ne3 Bxf3 10. Bxf3 O-O 11. d3 b5 12. Bg2 Rc8 13. f4 exf4 14. gxf4 Kh8 15.
f5 f6 16. fxg6 hxg6 17. Bh3 Rc7 18. Rf4 Bh6 19. Rf2 Ne5 20. Qe2 Kg7 21. Bd2 c4
22. dxc4 bxc4 23. Raf1 Rc5 24. Nc2 Nd3 25. Nd4 Re5 26. Bxh6+ Kxh6 27. Qe3+ Kh7
28. Rg2 Qb6 29. Bf5 Nxf5 30. Rxf5 Kg7 31. Qg3 g5 32. h4 Rxf5 33. exf5 Kf7 34.
hxg5 Rg8 35. g6+ Ke7 36. Qh4 Re8 37. Qe4+ Ne5 38. g7 Rg8 39. Qd5 1-0

[Event "4th London Classic Open"]
[Site "London ENG"]
[Date "2012.12.05"]
[Round "5"]
[White "Arvola,B"]
[Black "Kiik,K"]
[Result "1/2-1/2"]
[WhiteTitle "FM"]
[BlackTitle "IM"]
[WhiteElo "2285"]
[BlackElo "2437"]
[WhiteFideId "1506536"]
[BlackFideId "4500075"]
[EventDate "2012.12.01"]

1. d4 g6 2. e4 Bg7 3. Nc3 c6 4. Nf3 d5 5. e5 Bg4 6. Bf4 Qb6 7. Qd2 Bxf3 8. gxf3
e6 9. Na4 Qc7 10. c4 Ne7 11. Nc3 O-O 12. Rc1 Qd8 13. h4 h5 14. Bg5 f6 15. exf6
Bxf6 16. Rg1 Nf5 17. Bh6 Nxh4 18. Qd3 Kh7 19. Bxf8 Qxf8 20. Ne2 Bg7 21. Rc3 Nd7
22. Bh3 Qf7 23. f4 Re8 24. Kf1 Nf6 25. cxd5 Nxd5 26. Rb3 Re7 27. Qe4 Nf5 28. Rf3
a5 29. Qd3 Rd7 30. Qa3 b6 31. Bxf5 exf5 32. Rfg3 Ne7 33. Qb3 Qxb3 34. Rxb3 b5
35. Re3 Bf6 36. Kg2 Kg7 37. Rd1 Kf7 38. Rc3 Rd6 39. Rc5 a4 40. Kf3 Ke6 41. Rc2
Kd7 42. Rcd2 Kc7 43. Nc3 Kb6 44. Re1 Ka5 45. Rde2 b4 46. Rxe7 Bxe7 47. Re5+ Ka6
48. Rxe7 bxc3 49. bxc3 c5 50. Ke3 cxd4+ 51. cxd4 Kb5 52. Kd3 Kb4 53. Re2 h4 54.
f3 h3 55. Rh2 Rc6 56. Rb2+ Ka3 57. Rh2 Rc1 58. d5 Ra1 59. Kc3 Rxa2 60. d6 Rxh2
61. d7 Rd2 62. Kxd2 h2 63. d8=Q h1=Q 64. Qd6+ Kb3 65. Qd5+ Kb4 1/2-1/2

[Event "4th London Classic Open"]
[Site "London ENG"]
[Date "2012.12.05"]
[Round "5"]
[White "Shaw,J"]
[Black "Stachanczyk,J"]
[Result "1-0"]
[WhiteTitle "GM"]
[WhiteElo "2435"]
[BlackElo "2265"]
[WhiteFideId "2400553"]
[BlackFideId "1116657"]
[EventDate "2012.12.01"]

1. e4 c5 2. f4 e6 3. Nf3 d5 4. Bb5+ Nc6 5. Bxc6+ bxc6 6. d3 Nf6 7. e5 Nd7 8. c4
Be7 9. O-O O-O 10. Nc3 Nb6 11. b3 a5 12. a4 Nd7 13. Ba3 Nb8 14. cxd5 cxd5 15. d4
Ba6 16. Rf2 Nc6 17. Bxc5 Bxc5 18. dxc5 Qe7 19. Rc1 Qxc5 20. Nxd5 Qxd5 21. Qxd5
exd5 22. Rxc6 Rfb8 23. Nd4 Bd3 24. Rf3 Be4 25. Rfc3 g6 26. Kf2 Rb4 27. Ke3 Bxg2
28. Rc8+ Rxc8 29. Rxc8+ Kg7 30. Rc5 1-0

[Event "4th London Classic Open"]
[Site "London ENG"]
[Date "2012.12.05"]
[Round "5"]
[White "Player,E"]
[Black "Ansell,S"]
[Result "0-1"]
[BlackTitle "IM"]
[WhiteElo "2248"]
[BlackElo "2377"]
[WhiteFideId "406520"]
[BlackFideId "402141"]
[EventDate "2012.12.01"]

1. e4 g6 2. d4 Bg7 3. Be3 d6 4. Nc3 a6 5. Qd2 Nd7 6. h4 h5 7. Nh3 b5 8. Ng5 Bb7
9. f3 Rc8 10. Be2 c5 11. d5 Ngf6 12. O-O Nh7 13. Nh3 Ne5 14. Nd1 Rb8 15. c3 Bc8
16. Nhf2 Nf6 17. Qc2 O-O 18. Nd3 Nxd3 19. Bxd3 e6 20. dxe6 Bxe6 21. Be2 Qc7 22.
Qd2 Rbd8 23. Nf2 d5 24. e5 d4 25. cxd4 cxd4 26. Bxd4 Qxe5 27. Bxe5 Rxd2 28. Rfe1
Nd5 29. Bxg7 Kxg7 30. Nd3 Rc8 31. Rad1 Rcc2 32. Rxd2 Rxd2 33. a3 Ne3 34. Kf2 Nf5
35. b4 Bc4 36. Nc1 Nxh4 37. g3 Nf5 38. Rd1 Rxd1 39. Bxd1 Kf6 40. Nb3 Bxb3 41.
Bxb3 Nd4 42. Bd5 Nc2 43. Bb7 Nxa3 44. Bxa6 Ke5 45. f4+ Kd4 46. Kf3 f6 47. g4 h4
48. g5 f5 49. Bc8 Nc4 50. Bxf5 gxf5 51. Kg2 Nd6 52. Kh3 Ke4 53. Kxh4 Kxf4 54.
Kh5 Ke5 55. g6 Kf6 0-1

[Event "4th London Classic Open"]
[Site "London ENG"]
[Date "2012.12.05"]
[Round "5"]
[White "Kocwin,B"]
[Black "Weber,T"]
[Result "1/2-1/2"]
[WhiteTitle "FM"]
[BlackTitle "FM"]
[WhiteElo "2226"]
[BlackElo "2372"]
[WhiteFideId "1107402"]
[BlackFideId "4000609"]
[EventDate "2012.12.01"]

1. e4 c5 2. Nf3 Nc6 3. d3 g6 4. g3 Bg7 5. Bg2 e5 6. O-O Nge7 7. Nc3 d6 8. a4 O-O
9. Nd2 f5 10. exf5 gxf5 11. Nc4 d5 12. Na3 Be6 13. Ne2 Qd7 14. c3 Bf7 15. f4 Bh5
16. fxe5 Nxe5 17. Qc2 N7g6 18. Nf4 Nxf4 19. Bxf4 Ng6 20. Qb3 Nxf4 21. Rxf4 Rad8
22. Nc2 Kh8 23. d4 b6 24. Qb5 Qd6 25. Raf1 Bg6 26. Ne3 Qe6 27. Re1 cxd4 28. Nc2
Qd6 29. Nxd4 Be5 30. Rff1 Bxd4+ 31. cxd4 f4 32. Re5 fxg3 33. hxg3 Be4 34. Rxf8+
Rxf8 35. Re8 1/2-1/2